书目信息 |
| 题名: |
纯化学试剂
|
|
| 作者: | 卡尔雅金 著 ;于忠 译 | |
| 分册: | 下册 | |
| 出版信息: | 北京 高等教育出版社 1956 |
|
| 页数: | 441-838页 | |
| 开本: | 21cm | |
| 丛书名: | ||
| 单 册: | ||
| 中图分类: | TQ420.1 , O652.3 | |
| 科图分类: | ||
| 主题词: | 分析(化学) , 分析化学 | |
| 电子资源: | ||
| ISBN: | ||
| 000 | 00679nam0 2200241 45 | |
| 001 | 0181011317 | |
| 005 | 20060814163446.25 | |
| 010 | @dCNY1.40 | |
| 100 | @a20810111d1956 km y0chiy0120 ea | |
| 101 | 0 | @achi |
| 102 | @aCN@b110000 | |
| 200 | 1 | @a纯化学试剂@Achun hua xue shi ji@h下册@f(苏)Ю·В·卡尔雅金著@F(su)Ю·В·ka er ya jin zhu@g于忠等译 |
| 210 | @a北京@c高等教育出版社@d1956 | |
| 215 | @a441-838页@d21cm | |
| 300 | @a高等学校教学用书 | |
| 606 | 0 | @a分析(化学) |
| 606 | 0 | @a分析化学 |
| 690 | @aTQ420.1@v4 | |
| 690 | @aO652.3@v3 | |
| 701 | 0 | @a卡尔雅金@Aka er ya jin@4著 |
| 702 | 0 | @a于忠@Ayu zhong@4译 |
| 801 | @aCN@bTSTC@c20060814 | |
| 905 | @dO652.3@e105:2 | |
| 纯化学试剂.下册/(苏)Ю·В·卡尔雅金著/于忠等译.-北京:高等教育出版社,1956 |
| 441-838页;21cm |
| 高等学校教学用书 |
| ISBN :CNY1.40 |
| ● |
| 相关链接 |
|
|
|
|
正题名:纯化学试剂
索取号:O652.3/105:2
 
预约/预借
| 序号 | 登录号 | 条形码 | 馆藏地/架位号 | 状态 | 备注 |
| 1 | 0420089 | 204200890 | 密集书库/ [索取号:O652.3/105:2] | 在馆 | |
| 2 | 0432194 | 204321947 | 密集书库/ [索取号:O652.3/105:2] | 在馆 | |
| 3 | 0432958 | 204329583 | 密集书库/ [索取号:O652.3/105:2] | 在馆 | |
| 4 | 0433002 | 204330027 | 密集书库/ [索取号:O652.3/105:2] | 在馆 | |
| 5 | 0461260 | 204612605 | 密集书库/ [索取号:O652.3/105:2] | 在馆 | |
| 6 | 0461261 | 204612614 | 密集书库/ [索取号:O652.3/105:2] | 在馆 | |
| 7 | 0461262 | 204612623 | 密集书库/ [索取号:O652.3/105:2] | 在馆 |